| 000 | 00808cam a2200265 a 4500 | ||
|---|---|---|---|
| 001 | 1627 | ||
| 005 | 20230911163534.0 | ||
| 020 | _a9780440466413 | ||
| 040 |
_aDLC _beng _cDLC _dDLC |
||
| 050 | 0 | 0 |
_aPZ7.F838 _bOn 1984 |
| 082 | 0 | 0 |
_a[Fic] _219 |
| 100 | 1 | _aFox, Paula | |
| 245 | 1 | 0 |
_aOne-eyed cat : _ba novel / _cby Paula Fox. |
| 250 | _aJune 1993 | ||
| 260 |
_aNew York : _bDell Publishing, _c1984. |
||
| 300 |
_a216 pages : _c22 cm |
||
| 505 | _aQ | ||
| 520 | _aAn eleven-year-old shoots a stray cat with his new air rifle, subsequently suffers from guilt, and eventually assumes responsibility for it. | ||
| 521 |
_a890
_bLexile |
||
| 521 |
_aQ
_bRaz-Plus |
||
| 650 | 1 |
_aFirearms _vFiction. |
|
| 650 | 1 |
_aCats _vFiction. |
|
| 906 |
_a7 _bcbc _corignew _d1 _eocip _f19 _gy-gencatlg |
||
| 942 |
_2ddc _cBK _n0 |
||
| 999 |
_c1627 _d1627 |
||